00576nam a2200205 a 4500001001300000003000900013005001700022008004100039020002300080082001900103100001600122245006600138260004900204300000900253500003500262505001000297650003400307650001300341700001600354nice12345678IN_TiNIC20260116013118.0050524s1988 pria grp 000 0 eng  a0691319 c88200a306.40954bKUM aKumar, Nita aArtisans of Banarasb Popular Culture and Identity, 1880-1986 aPrincetonbPrinceton University Press c1988 a279p aincludes index and biblioraphy2 aIndex aIndia-Social Life and Customs aVaranasi1 aKumar, Nita